Statistiques concernant Personnages pokémon

Cliquez ici pour prendre le quiz!

Statistiques générales

  • Ce quiz a été pris 154 fois
  • Le résultat moyen est 28 sur 47

Statistiques - réponses

IndicePersonnage% Correct
Professeur mythique de pokémonProfesseur Chen
95%
Héro mythique de pokémonRed
90%
Rival mythique de pokémonBlue
88%
Méchant mythique de pokémonGiovanni
86%
Duo de mongole (sans compter leur pokémon parlant)Jessie et James
83%
Champion électrique de Carmin-sur-merMajor Bob
83%
Maître de la ligue de Sinnoh , personnage ultra classe selon moiCynthia
82%
Maître de la ligue ancien membre du conseil 4 de type dragonPeter
82%
Rival au cheveux vert certains pense qu'il serait en réalité un ZoroarkN
81%
Championne d'arène avec un écremeuh de l'enferBlanche
77%
Rivale mais peut être aussi l'héroïne de rubis saphir emeraudeFlora
74%
Il veut créer son propre univers et il est fou (mon méchant préféré)Hélio
73%
Professeur de la région de JohtoProfesseur Orme
73%
Professeur de Sinnoh mais aussi le professeur le plus agéSorbier
73%
Membre du conseil 4 de type spectreAgatha
72%
Roux , Rival et fils de méchantSilver
72%
Rival qui a eu grave de la chance de trouver un Tarsal du premier coupTimmy
72%
Méchant qui veut plus de terre (projet assez...particulier?)Max
70%
Boss de la team Plasma qui veut conquérir le Monde rien à voir avec le journal : Le mondeGhetis
69%
Commandant de la team galaxie , il possède un ChaffreuxMars
68%
Personnage important de SL et USUL elle possède un cosmogLilli
67%
Professeur de la région de HoennProfesseur Seko
67%
Méchant qui veut un monde fait que d'eau (mais lui il est encore plus débile!)Arthur
66%
Boss de la team Flare (je crois qu'il n'est jamais allez chez le coiffeur)Lysandre
66%
Maître de la ligue de Kalos (elle est éclatée au sol)Dianthéa
64%
Professeur de KalosProfesseur Platane
61%
Championne d'arène avec un fort accent british dans l'animée elle possède un grodriveKiméra
60%
Agent secret des forces de polices internationaleBeladonis
57%
Chef de la team Skull il fait trop sa racaille de ShangaïGuzma
57%
Mère de 2 enfants complétement folle méchante et boss de la fondation AetherElsa Mina
56%
Maître de la ligue de Galar son petit frère est un rival (rival qui est un vrai noob)Tarak
56%
Rival blond de diamant perle et platineBarry
55%
Scientifique ayant créer Genesect et travaillant pour la team Plasma dans le passéNikolaï
55%
Petit gros et rival pas très importantTierno
54%
Champion d'arène avec un humour pouriVoltère
53%
Membre du conseil 4 de Kalos et travail pour la Team FlareMalva
49%
Héro de XY mais peut être aussi rival si on choisi de jouer avec SerenaKalem
48%
Rivale ayant pour fan club la team YellRosemary
48%
Capitaine d'épreuve de type spectreMargie
45%
Rivale de let's go pikachu et evoli que l'on trouve à la grotte Azurée après avoir eu MewtwoGreen
32%
Professeure de GalarProfesseur Magnolia
32%
Méchant de pokémon épée et bouclierSheroz
29%
Championne de type fée de Galar elle marche à 2 à l'heureSally
28%
Travaille pour la fondation Aether il possède d'étrange lunettes vertesSaubhone
20%
Rivale d'IsolarmureSophora
13%
Assistante avec pour pokémon un miasmax (une poubelle qui peut devinir gigamax)Liz
10%
Professeure de la région d'UnysProfesseur Katelaria
3%

Distribution des résultats

Percentile par nombre de réponses

% des personnes avec chaque résultat

Votre développement - résultats

Vous n’avez pas pris ce quiz